Contemporary history In the Soviet mirror/ (Record no. 12958)
[ view plain ]
| 000 -LEADER | |
|---|---|
| fixed length control field | 01097cam a22003131i 4500 |
| 001 - CONTROL NUMBER | |
| control field | 9389739 |
| 003 - CONTROL NUMBER IDENTIFIER | |
| control field | EG-ScBUE |
| 005 - DATE AND TIME OF LATEST TRANSACTION | |
| control field | 20230622110533.0 |
| 008 - FIXED-LENGTH DATA ELEMENTS--GENERAL INFORMATION | |
| fixed length control field | 750211t1964 nyu f 100 0 eng d |
| 035 ## - SYSTEM CONTROL NUMBER | |
| System control number | (OCoLC)1167787 |
| 040 ## - CATALOGING SOURCE | |
| Original cataloging agency | DLC |
| Language of cataloging | eng |
| Description conventions | rda |
| Transcribing agency | OCU |
| Modifying agency | OCoLC |
| -- | DLC |
| -- | EG-ScBUE |
| 082 04 - DEWEY DECIMAL CLASSIFICATION NUMBER | |
| Classification number | 907.247 |
| Item number | CON |
| Edition number | 22 |
| 111 2# - MAIN ENTRY--MEETING NAME | |
| Meeting name or jurisdiction name as entry element | Conference on Contemporary History in the Soviet Mirror |
| Date of meeting | (1961 : |
| Location of meeting | Geneva) |
| 9 (RLIN) | 9540 |
| 245 00 - TITLE STATEMENT | |
| Title | Contemporary history In the Soviet mirror/ |
| Statement of responsibility, etc | edited by John Keep and Liliana Brisby. |
| 264 #1 - PUBLICATION, DISTRIBUTION, ETC. (IMPRINT) | |
| Place of publication, distribution, etc | New York : |
| Name of publisher, distributor, etc | Frederick Praeger, |
| Date of publication, distribution, etc | [1964] |
| 264 #4 - PUBLICATION, DISTRIBUTION, ETC. (IMPRINT) | |
| Date of publication, distribution, etc | c1964 |
| 300 ## - PHYSICAL DESCRIPTION | |
| Extent | 331 pages ; |
| Dimensions | 23 cm. |
| 336 ## - CONTENT TYPE | |
| Source | rdacontent |
| Content type term | text |
| Content type code | txt |
| 337 ## - MEDIA TYPE | |
| Source | rdamedia |
| Media type term | unmediated |
| Media type code | n |
| 338 ## - CARRIER TYPE | |
| Source | rdacarrier |
| Carrier type term | volume |
| Carrier type code | nc |
| 490 ## - SERIES STATEMENT | |
| Series statement | Library of international studies |
| 650 #7 - SUBJECT ADDED ENTRY--TOPICAL TERM | |
| Topical term or geographic name as entry element | History |
| General subdivision | Study and teaching |
| Geographic subdivision | Soviet Union. |
| Source of heading or term | BUEsh |
| 9 (RLIN) | 9542 |
| 650 #7 - SUBJECT ADDED ENTRY--TOPICAL TERM | |
| Topical term or geographic name as entry element | Historians |
| Geographic subdivision | Soviet Union. |
| Source of heading or term | BUEsh |
| 9 (RLIN) | 9543 |
| 655 ## - INDEX TERM--GENRE/FORM | |
| Form subdivision | Reading book |
| 700 1# - ADDED ENTRY--PERSONAL NAME | |
| Personal name | Keep, John L. H. |
| Relator term | editor. |
| 9 (RLIN) | 9544 |
| 700 1# - ADDED ENTRY--PERSONAL NAME | |
| Personal name | Brisby, Liliana, |
| Relator term | editor. |
| 9 (RLIN) | 9545 |
| 942 ## - ADDED ENTRY ELEMENTS (KOHA) | |
| Source of classification or shelving scheme | Dewey Decimal Classification |
| Koha item type | Book - Borrowing |
| Withdrawn status | Lost status | Source of classification or shelving scheme | Damaged status | Not for loan | Collection code | Home library | Current library | Shelving location | Date acquired | Source of acquisition | Total Checkouts | Full call number | Barcode | Date last seen | Price effective from | Koha item type | Public note |
|---|---|---|---|---|---|---|---|---|---|---|---|---|---|---|---|---|---|
| Dewey Decimal Classification | Donation-Gift | Central Library | Central Library | Second Floor | 23/11/2009 | Donation | 907.247 CON | 000019097 | 15/07/2025 | 23/11/2009 | Book - Borrowing | donated by Alaa AbdelGhaney |